000 00701nam a2200193Ii 4500
003 JO-AjNU
008 230605s9999||||xx |||||||||||||| ||und||
040 _aJO-AjNU
_bara
_erda
_cJO-AjNU
041 _aara
050 1 4 _aBP134.S719 1975
100 3 _aتاليف إسماعيل، عز الدين,
_eauthor
_937806
245 0 0 _aنصوص قرانية في النفس الإنسانية
264 3 1 _aبيروت: دار النهضة العربية،
300 _a230ص
336 _atext
_btxt
_2rdacontent
337 _aunmediated
_bn
_2rdamedia
338 _avolume
_bnc
_2rdacarrier
650 4 _aالانسان في القران - النفس في القران - القران - تفاسير
_937807
999 _aA15831
_c19399
_d19399